header

The EU economic and social model in the global crisis : (Record no. 136463)

MARC details
000 -LEADER
fixed length control field 03303nam a2200457 i 4500
001 - CONTROL NUMBER
control field ebr10791919
003 - CONTROL NUMBER IDENTIFIER
control field CaPaEBR
006 - FIXED-LENGTH DATA ELEMENTS--ADDITIONAL MATERIAL CHARACTERISTICS--GENERAL INFORMATION
fixed length control field m o d
007 - PHYSICAL DESCRIPTION FIXED FIELD--GENERAL INFORMATION
fixed length control field cr cn|||||||||
008 - FIXED-LENGTH DATA ELEMENTS--GENERAL INFORMATION
fixed length control field 130613t20132013enkad ob 101 0 eng|d
020 ## - INTERNATIONAL STANDARD BOOK NUMBER
Cancelled/invalid ISBN 9781409457312 (hardback : alk. paper)
International Standard Book Number 9781409457329 (e-book)
040 ## - CATALOGING SOURCE
Original cataloging agency CaPaEBR
Language of cataloging eng
Description conventions rda
-- pn
Transcribing agency CaPaEBR
035 ## - SYSTEM CONTROL NUMBER
System control number (OCoLC)864414614
043 ## - GEOGRAPHIC AREA CODE
Geographic area code e------
050 14 - LIBRARY OF CONGRESS CALL NUMBER
Classification number KJE935
Item number 2011eb
082 04 - DEWEY DECIMAL CLASSIFICATION NUMBER
Classification number 341.242/2
Edition number 23
111 2# - MAIN ENTRY--MEETING NAME
Meeting name or jurisdiction name as entry element Conference "The European Union's economic and social model - still viable in a global crisis?"
Date of meeting (2011 :
Location of meeting Leeds, England),
Relator term issuing body.
245 14 - TITLE STATEMENT
Title The EU economic and social model in the global crisis :
Remainder of title interdisciplinary perspectives /
Statement of responsibility, etc edited by Dagmar Schiek.
264 #1 - PRODUCTION, PUBLICATION, DISTRIBUTION, MANUFACTURE, AND COPYRIGHT NOTICE
Place of production, publication, distribution, manufacture Farnham, Surrey :
Name of producer, publisher, distributor, manufacturer Ashgate,
Date of production, publication, distribution, manufacture, or copyright notice [2013]
Date of production, publication, distribution, manufacture, or copyright notice �2013
300 ## - PHYSICAL DESCRIPTION
Extent 1 online resource (224 pages) :
Other physical details illustrations.
336 ## - CONTENT TYPE
Content type term text
Source rdacontent
337 ## - MEDIA TYPE
Media type term computer
Source rdamedia
338 ## - CARRIER TYPE
Carrier type term online resource
Source rdacarrier
440 #0 - SERIES STATEMENT/ADDED ENTRY--TITLE
Title Studies in modern law and policy
504 ## - BIBLIOGRAPHY, ETC. NOTE
Bibliography, etc Includes bibliographical references and index.
505 0# - FORMATTED CONTENTS NOTE
Formatted contents note The EU's socio-economic model(s) and the crisi(e)s : any perspectives? / Dagmar Schiek -- The European currency in turbulent times : austerity policy made in Brussels as the only way out? / Amy Verdun -- The dysfunctional nature of the economic and monetary union / Philip Arestis, Giuseppe Fontana and Malcolm Sawyer -- The contested scope of labour law requirements in public procurement : a multi-level analysis / Julia Vinterskog -- From safety nets and carrots to trampolines and sticks : national use of the EU as both menace and model to help neoliberalise welfare policy / Charlotte O'Brien -- Empowering consumer-citizens : changing rights or merely discourse? / Katalin Cseres and Annette Schrauwen -- The politics of inclusion : comparing the contribution of civil society actors to EU legitimacy / Petra Guasti -- EU internal and external social policy in times of global crisis / Rebecca Zahn -- The EU as a "virtuous international actor" : human rights indicators and global governmentality / Bal Sokhi-Bulley.
588 ## - SOURCE OF DESCRIPTION NOTE
Source of description note Description based on print version record.
590 ## - LOCAL NOTE (RLIN)
Local note Electronic reproduction. Palo Alto, Calif. : ebrary, 2013. Available via World Wide Web. Access may be limited to ebrary affiliated libraries.
650 #0 - SUBJECT ADDED ENTRY--TOPICAL TERM
Topical term or geographic name as entry element Law
General subdivision Social aspects
Geographic subdivision European Union countries
Form subdivision Congresses.
Topical term or geographic name as entry element Law
General subdivision Economic aspects
Geographic subdivision European Union countries
Form subdivision Congresses.
Topical term or geographic name as entry element Financial crises
Geographic subdivision European Union countries
Form subdivision Congresses.
651 #0 - SUBJECT ADDED ENTRY--GEOGRAPHIC NAME
Geographic name European Union countries
General subdivision Social policy
Form subdivision Congresses.
Geographic name European Union countries
General subdivision Economic policy
Form subdivision Congresses.
655 #0 - INDEX TERM--GENRE/FORM
Genre/form data or focus term Electronic books.
700 1# - ADDED ENTRY--PERSONAL NAME
Personal name Schiek, Dagmar.
776 08 - ADDITIONAL PHYSICAL FORM ENTRY
Display text Print version:
Main entry heading Conference "The European Union's economic and social model - still viable in a global crisis?"
Title EU economic and social model in the global crisis : interdisciplinary perspectives.
Place, publisher, and date of publication Farnham, Surrey : Ashgate, [2013]
Physical description xii, 209 pages
Series data for related item Studies in modern law and policy
International Standard Book Number 9781409457312
Record control number (DLC) 2013023954
797 2# - LOCAL ADDED ENTRY--CORPORATE NAME (RLIN)
Corporate name or jurisdiction name as entry element ebrary.
856 40 - ELECTRONIC LOCATION AND ACCESS
Uniform Resource Identifier <a href="http://site.ebrary.com/lib/rucke/Doc?id=10791919">http://site.ebrary.com/lib/rucke/Doc?id=10791919</a>
Public note An electronic book accessible through the World Wide Web; click to view

No items available.

© 2026 Rongo University
Contact us: librarian | system librarian | Rongo university